Представление документа в формате MARC21

Поле Инд. ПП Название Значение
Тип записи a
Библиографический уровень m
001 Контрольный номер RU/LIBMSTU/263917186
005 Дата корректировки 20140505121858.8
020 00 a ISBN 5-8365-0143-2
c Цена, тираж 195-00; 225-01
084 a Индекс другой классификации/Индекс ББК 26.2
090 00 a Полочн. индекс 26.2
x Авторский знак У 91
245 00 a Заглавие Учет неоднородностей верхней части разреза в сейсморазведке. Современные технологии
c Ответственность В. С. Козырев, А. П. Жуков, И. П. Коротков и др.
260 00 a Место издания Москва
b Издательство Недра-Бизнесцентр
c Дата издания 2003
300 00 a Объем 227 с.
b Иллюстрации/ тип воспроизводства ил
650 _4 a Основная рубрика Сейсморазведка
653 00 a Ключевые слова Геологические разрезы
a Ключевые слова Поверхостные неоднородности
a Ключевые слова Сейсмические материалы
a Ключевые слова Сейсмология
a Ключевые слова Сейсморазведка
990 00 f Даты поступлений (DOS) 12.03
f Даты поступлений (DOS) 11.03